000 00689nam a2200181 a 4500
001 000039536
003 DO-SdBNP
005 20250206132130.0
008 130705s20uu dr 000 0 spa d
020 _a9993488895
040 _aDO-SdBNP
_bspa
_cBNPHU
245 0 0 _aLibro de actas del Consejo Nacional de Cultura :
_bmemorias /.
246 1 4 _aLibro de actas del Consejo Nacional de Cultura :
_bliniamientos del Plan Decenal de Cultura, ley general de cultura 41-00
260 _aSanto Domingo :
_bSecretaría de Estado de Cultura,
_c[200?].
300 _a108 p. :
_bil., retrs. ;
_c29 cm.
710 1 _aRepública Dominicana.
_bSecretaría de Estado de Cultura.
_96453
942 _2ddc
_cLBS1
999 _c39026
_d39026